000 00408nam a2200181Ia 4500
008 210210b1943 xxu||||| |||| 00| 0 eng d
041 _aeng
082 _a828/550
100 _aSACKVILLE (West V)
245 _aEagle and the dove
260 _aLondon
_bMichael Joseph Limited
_c1943
650 _athe
650 _aEagle
650 _adove
650 _aand
690 _aBiography
906 _a016394
999 _c135919
_d135919